Loading...
Introduction to the English legal systems
| Main Author: | |
|---|---|
| Format: | Printed Book |
| Published: |
United Kingdom
Oxford University Press
2012
|
| Subjects: |
| LEADER | 00507nam a22001457a 4500 | ||
|---|---|---|---|
| 020 | |a 9780199670536 | ||
| 082 | |a 340.550 924 |b PAR/I | ||
| 100 | |a Partington,Martin | ||
| 245 | |a Introduction to the English legal systems | ||
| 260 | |a United Kingdom |b Oxford University Press |c 2012 | ||
| 300 | |a xxvii,313p | ||
| 650 | |a Law | ||
| 942 | |c BK | ||
| 999 | |c 36222 |d 36222 | ||
| 952 | |0 0 |1 0 |4 0 |6 340_550000000000000_924_PARI |7 0 |8 Stack |9 38322 |a KUCL |b KUCL |c Stack |d 2015-11-26 |g 795.00 |l 0 |o 340.550 924 PAR/I |p 35269 |r 2015-11-26 |w 2015-11-26 |y BK | ||